000 00311nam a22001337a 4500
008 170825b xxu||||| |||| 00| 0 eng d
020 _a971111840549
041 _aeng
080 _24 ED
_a070
100 _a39
101 _aMED
245 _aTHE COMPOSITION OF EVEYDAY LIVE
_cMAUK.J
942 _2udc
_cBK
999 _c25062
_d25062